[Event "DVM U20w 2021"]
[Site "Kiel GER"]
[Date "2022.07.23"]
[Round "1"]
[White "Falke, Ornella"]
[Black "Müdder, Melanie"]
[Result "1/2-1/2"]
[Termination "normal"]
[Board "1.1"]
[WhiteElo "1912"]
[BlackElo "1865"]
[WhiteClock "00:25:18"]
[BlackClock "00:08:10"]
[WhiteTeam "Elmshorner SC von 1896"]
[BlackTeam "Schachgesellschaft Solingen e. V."]
[PlyCount "160"]
[WhiteFideId "16207092"]
[BlackFideId "12994103"]
[EventCountry "GER"]
[EventRounds "7"]
[EventType "team-swiss"]
[EventDate "2022.07.22"]

1. e4 {[%clk 01:30:55]} {[%emt 00:00:05]} c5 {[%clk 01:30:54]} {[%emt
00:00:06]} 2. Nf3 {[%clk 01:31:17]} {[%emt 00:00:08]} Nc6 {[%clk 01:31:16]}
{[%emt 00:00:08]} 3. Bb5 {[%clk 01:31:37]} {[%emt 00:00:10]} Nf6 {[%clk
01:31:15]} {[%emt 00:00:29]} 4. e5 {[%clk 01:28:37]} {[%emt 00:03:31]} Nd5
{[%clk 01:31:38]} {[%emt 00:00:07]} 5. Nc3 {[%clk 01:28:40]} {[%emt 00:00:27]}
Nc7 {[%clk 01:30:18]} {[%emt 00:01:49]} 6. Bxc6 {[%clk 01:28:49]} {[%emt
00:00:21]} dxc6 {[%clk 01:28:58]} {[%emt 00:01:50]} 7. h3 {[%clk 01:27:27]}
{[%emt 00:01:53]} g6 {[%clk 01:25:31]} {[%emt 00:03:56]} 8. d3 {[%clk
01:23:06]} {[%emt 00:04:51]} Ne6 {[%clk 01:20:48]} {[%emt 00:05:13]} 9. O-O
{[%clk 01:15:55]} {[%emt 00:07:42]} Bg7 {[%clk 01:19:13]} {[%emt 00:02:04]} 10.
a4 {[%clk 01:14:34]} {[%emt 00:01:51]} a5 {[%clk 01:11:50]} {[%emt 00:07:53]}
11. Re1 {[%clk 01:08:11]} {[%emt 00:06:54]} Qc7 {[%clk 01:07:14]} {[%emt
00:05:05]} 12. b3 {[%clk 00:45:24]} {[%emt 00:23:18]} Bd7 {[%clk 01:00:06]}
{[%emt 00:07:38]} 13. Bb2 {[%clk 00:42:14]} {[%emt 00:03:40]} g5 {[%clk
00:50:04]} {[%emt 00:10:32]} 14. Ne4 {[%clk 00:37:20]} {[%emt 00:05:24]} Rg8
{[%clk 00:38:36]} {[%emt 00:11:57]} 15. Nfxg5 {[%clk 00:26:52]} {[%emt
00:10:59]} O-O-O {[%clk 00:31:56]} {[%emt 00:07:09]} 16. Nxe6 {[%clk 00:22:41]}
{[%emt 00:04:41]} Bxe6 {[%clk 00:32:21]} {[%emt 00:00:05]} 17. Qf3 {[%clk
00:19:51]} {[%emt 00:03:20]} Bxe5 {[%clk 00:26:12]} {[%emt 00:06:38]} 18. Bxe5
{[%clk 00:19:48]} {[%emt 00:00:34]} Qxe5 {[%clk 00:26:37]} {[%emt 00:00:05]}
19. Qe3 {[%clk 00:15:24]} {[%emt 00:04:54]} Qg7 {[%clk 00:22:38]} {[%emt
00:04:29]} 20. g4 {[%clk 00:06:53]} {[%emt 00:09:01]} Rd5 {[%clk 00:13:25]}
{[%emt 00:09:43]} 21. Nxc5 {[%clk 00:04:46]} {[%emt 00:02:37]} Bxg4 {[%clk
00:10:38]} {[%emt 00:03:18]} 22. Kh2 {[%clk 00:03:54]} {[%emt 00:01:22]} Qf6
{[%clk 00:06:29]} {[%emt 00:04:40]} 23. Ne4 {[%clk 00:02:49]} {[%emt 00:01:35]}
Qh4 {[%clk 00:05:12]} {[%emt 00:01:46]} 24. Qg3 {[%clk 00:03:01]} {[%emt
00:00:19]} Qxh3+ {[%clk 00:04:40]} {[%emt 00:01:02]} 25. Qxh3 {[%clk 00:03:20]}
{[%emt 00:00:11]} Bxh3 {[%clk 00:05:06]} {[%emt 00:00:04]} 26. Rg1 {[%clk
00:03:03]} {[%emt 00:00:46]} Bg4 {[%clk 00:04:46]} {[%emt 00:00:51]} 27. Rg3
{[%clk 00:02:04]} {[%emt 00:01:29]} Rg6 {[%clk 00:04:33]} {[%emt 00:00:42]} 28.
Kg2 {[%clk 00:01:30]} {[%emt 00:01:05]} Bf5 {[%clk 00:03:41]} {[%emt 00:01:22]}
29. Ng5 {[%clk 00:01:16]} {[%emt 00:00:44]} Bxd3 {[%clk 00:02:27]} {[%emt
00:01:43]} 30. cxd3 {[%clk 00:00:48]} {[%emt 00:00:58]} Rgxg5 {[%clk 00:02:38]}
{[%emt 00:00:20]} 31. Rxg5 {[%clk 00:00:51]} {[%emt 00:00:27]} Rxg5+ {[%clk
00:03:03]} 32. Kf3 {[%clk 00:01:18]} {[%emt 00:00:07]} Kd7 {[%clk 00:02:38]}
{[%emt 00:00:55]} 33. Rh1 {[%clk 00:01:37]} {[%emt 00:00:12]} h5 {[%clk
00:02:56]} {[%emt 00:00:12]} 34. Kf4 {[%clk 00:01:35]} {[%emt 00:00:32]} Rd5
{[%clk 00:02:46]} {[%emt 00:00:40]} 35. Ke4 {[%clk 00:01:54]} {[%emt 00:00:11]}
Ke6 {[%clk 00:02:13]} {[%emt 00:01:03]} 36. f4 {[%clk 00:02:03]} {[%emt
00:00:21]} b5 {[%clk 00:01:19]} {[%emt 00:01:24]} 37. axb5 {[%clk 00:02:07]}
{[%emt 00:00:26]} Rxb5 {[%clk 00:01:19]} {[%emt 00:00:29]} 38. Ra1 {[%clk
00:01:42]} {[%emt 00:00:56]} Kf6 {[%clk 00:01:13]} {[%emt 00:00:37]} 39. Rc1
{[%clk 00:01:45]} {[%emt 00:00:26]} c5 {[%clk 00:00:58]} {[%emt 00:00:45]} 40.
Rh1 {[%clk 00:01:09]} {[%emt 00:01:06]} Rxb3 {[%clk 00:00:44]} {[%emt
00:00:44]} 41. Rxh5 {[%clk 00:01:33]} {[%emt 00:00:06]} Rc3 {[%clk 00:28:58]}
{[%emt 00:02:16]} 42. Rh6+ {[%clk 00:31:40]} {[%emt 00:00:24]} Kg7 {[%clk
00:29:01]} {[%emt 00:00:27]} 43. Ra6 {[%clk 00:32:06]} {[%emt 00:00:04]} c4
{[%clk 00:26:55]} {[%emt 00:02:36]} 44. Rxa5 {[%clk 00:31:03]} {[%emt
00:01:33]} cxd3 {[%clk 00:24:55]} {[%emt 00:02:30]} 45. Rd5 {[%clk 00:30:06]}
{[%emt 00:01:28]} Kf6 {[%clk 00:23:11]} {[%emt 00:02:13]} 46. Rf5+ {[%clk
00:30:14]} {[%emt 00:00:22]} Ke6 {[%clk 00:23:05]} {[%emt 00:00:36]} 47. Re5+
{[%clk 00:30:35]} {[%emt 00:00:08]} Kd6 {[%clk 00:22:50]} {[%emt 00:00:46]} 48.
Rd5+ {[%clk 00:30:06]} {[%emt 00:00:59]} Kc6 {[%clk 00:22:35]} {[%emt
00:00:45]} 49. Rd8 {[%clk 00:29:28]} {[%emt 00:01:08]} Ra3 {[%clk 00:19:33]}
{[%emt 00:03:32]} 50. Rd4 {[%clk 00:28:38]} {[%emt 00:01:21]} e6 {[%clk
00:18:22]} {[%emt 00:01:41]} 51. f5 {[%clk 00:21:17]} {[%emt 00:07:50]} exf5+
{[%clk 00:14:33]} {[%emt 00:04:19]} 52. Kxf5 {[%clk 00:21:35]} {[%emt
00:00:12]} Kc5 {[%clk 00:12:37]} {[%emt 00:02:26]} 53. Ke4 {[%clk 00:21:40]}
{[%emt 00:00:25]} Rc3 {[%clk 00:10:48]} {[%emt 00:02:19]} 54. Rd5+ {[%clk
00:21:47]} {[%emt 00:00:22]} Kb4 {[%clk 00:10:20]} {[%emt 00:00:58]} 55. Rd4+
{[%clk 00:21:52]} {[%emt 00:00:26]} Kc5 {[%clk 00:09:15]} {[%emt 00:01:36]} 56.
Rd5+ {[%clk 00:22:09]} {[%emt 00:00:12]} Kc6 {[%clk 00:09:07]} {[%emt
00:00:38]} 57. Rd8 {[%clk 00:22:15]} {[%emt 00:00:24]} Ra3 {[%clk 00:08:13]}
{[%emt 00:01:25]} 58. Rd4 {[%clk 00:21:59]} {[%emt 00:00:45]} Rb3 {[%clk
00:07:19]} {[%emt 00:01:24]} 59. Rd8 {[%clk 00:21:23]} {[%emt 00:01:06]} Kc5
{[%clk 00:05:01]} {[%emt 00:02:47]} 60. Rd5+ {[%clk 00:21:40]} {[%emt
00:00:13]} Kb4 {[%clk 00:04:27]} {[%emt 00:01:04]} 61. Rxd3 {[%clk 00:17:16]}
{[%emt 00:04:54]} Rxd3 {[%clk 00:04:48]} {[%emt 00:00:09]} 62. Kxd3 {[%clk
00:17:42]} {[%emt 00:00:04]} Kc5 {[%clk 00:04:12]} {[%emt 00:01:06]} 63. Ke4
{[%clk 00:18:08]} {[%emt 00:00:04]} Kd6 {[%clk 00:04:17]} {[%emt 00:00:25]} 64.
Kf5 {[%clk 00:18:35]} {[%emt 00:00:04]} Kd7 {[%clk 00:04:05]} {[%emt 00:00:42]}
65. Kf6 {[%clk 00:18:43]} {[%emt 00:00:22]} Ke8 {[%clk 00:04:25]} {[%emt
00:00:09]} 66. Kf5 {[%clk 00:18:59]} {[%emt 00:00:13]} Ke7 {[%clk 00:04:39]}
{[%emt 00:00:17]} 67. Ke5 {[%clk 00:19:22]} {[%emt 00:00:07]} f6+ {[%clk
00:04:29]} {[%emt 00:00:40]} 68. Kf5 {[%clk 00:19:49]} {[%emt 00:00:03]} Kf7
{[%clk 00:04:54]} {[%emt 00:00:05]} 69. Kf4 {[%clk 00:20:16]} {[%emt 00:00:04]}
Kg6 {[%clk 00:05:17]} {[%emt 00:00:07]} 70. Kg4 {[%clk 00:20:43]} {[%emt
00:00:03]} f5+ {[%clk 00:05:40]} {[%emt 00:00:07]} 71. Kf4 {[%clk 00:21:10]}
{[%emt 00:00:02]} Kf6 {[%clk 00:06:01]} {[%emt 00:00:09]} 72. Kf3 {[%clk
00:21:38]} {[%emt 00:00:02]} Ke5 {[%clk 00:06:27]} {[%emt 00:00:03]} 73. Ke3
{[%clk 00:22:06]} {[%emt 00:00:03]} f4+ {[%clk 00:06:46]} {[%emt 00:00:11]} 74.
Kf3 {[%clk 00:22:34]} {[%emt 00:00:02]} Kf5 {[%clk 00:07:05]} {[%emt 00:00:11]}
75. Kf2 {[%clk 00:23:02]} {[%emt 00:00:02]} Kg4 {[%clk 00:07:27]} {[%emt
00:00:08]} 76. Kg2 {[%clk 00:23:29]} {[%emt 00:00:03]} f3+ {[%clk 00:07:32]}
{[%emt 00:00:25]} 77. Kf2 {[%clk 00:23:56]} {[%emt 00:00:03]} Kf4 {[%clk
00:07:42]} {[%emt 00:00:20]} 78. Kf1 {[%clk 00:24:23]} {[%emt 00:00:03]} Ke3
{[%clk 00:07:56]} {[%emt 00:00:16]} 79. Ke1 {[%clk 00:24:50]} {[%emt 00:00:03]}
f2+ {[%clk 00:08:19]} {[%emt 00:00:07]} 80. Kf1 {[%clk 00:25:18]} {[%emt
00:00:02]} Kf3 {[%clk 00:08:10]} {[%emt 00:00:09]} 1/2-1/2

[Event "DVM U20w 2021"]
[Site "Kiel GER"]
[Date "2022.07.23"]
[Round "1"]
[White "Peglau, Dora"]
[Black "Sickmann, Lisa"]
[Result "1-0"]
[Termination "normal"]
[Board "2.1"]
[WhiteElo "1920"]
[BlackElo "1672"]
[WhiteClock "00:05:02"]
[BlackClock "00:11:59"]
[WhiteTeam "Schachzentrum Seeblick e. V."]
[BlackTeam "SK Doppelbauer Kiel"]
[PlyCount "73"]
[WhiteFideId "16220005"]
[BlackFideId "16267818"]
[EventCountry "GER"]
[EventRounds "7"]
[EventType "team-swiss"]
[EventDate "2022.07.22"]

1. d4 {[%clk 01:30:57]} {[%emt 00:00:02]} d5 {[%clk 01:30:55]} {[%emt
00:00:06]} 2. c4 {[%clk 01:31:12]} {[%emt 00:00:15]} e6 {[%clk 01:31:21]}
{[%emt 00:00:04]} 3. Nc3 {[%clk 01:31:28]} {[%emt 00:00:14]} Nf6 {[%clk
01:31:39]} {[%emt 00:00:12]} 4. cxd5 {[%clk 01:31:36]} {[%emt 00:00:21]} exd5
{[%clk 01:32:00]} {[%emt 00:00:09]} 5. Bg5 {[%clk 01:31:34]} {[%emt 00:00:32]}
Be7 {[%clk 01:32:13]} {[%emt 00:00:18]} 6. e3 {[%clk 01:31:36]} {[%emt
00:00:29]} c6 {[%clk 01:32:35]} {[%emt 00:00:07]} 7. Bd3 {[%clk 01:31:49]}
{[%emt 00:00:17]} O-O {[%clk 01:32:15]} {[%emt 00:00:50]} 8. Nge2 {[%clk
01:25:38]} {[%emt 00:06:41]} Nbd7 {[%clk 01:30:46]} {[%emt 00:01:59]} 9. Qc2
{[%clk 01:22:23]} {[%emt 00:03:45]} Re8 {[%clk 01:30:51]} {[%emt 00:00:24]} 10.
O-O {[%clk 01:22:14]} {[%emt 00:00:40]} Nf8 {[%clk 01:30:41]} {[%emt 00:00:40]}
11. f3 {[%clk 01:18:51]} {[%emt 00:03:54]} h6 {[%clk 01:29:17]} {[%emt
00:01:54]} 12. Bh4 {[%clk 01:18:31]} {[%emt 00:00:50]} Ne6 {[%clk 01:29:36]}
{[%emt 00:00:11]} 13. Rad1 {[%clk 01:15:44]} {[%emt 00:03:16]} b6 {[%clk
01:24:24]} {[%emt 00:05:43]} 14. Bf2 {[%clk 01:09:02]} {[%emt 00:07:12]} Bb7
{[%clk 01:23:08]} {[%emt 00:01:45]} 15. Bf5 {[%clk 00:54:07]} {[%emt 00:15:26]}
Bf8 {[%clk 01:06:13]} {[%emt 00:17:25]} 16. e4 {[%clk 00:51:53]} {[%emt
00:02:45]} Nh5 {[%clk 00:55:37]} {[%emt 00:11:06]} 17. Bxe6 {[%clk 00:48:34]}
{[%emt 00:03:49]} Rxe6 {[%clk 00:53:45]} {[%emt 00:02:22]} 18. e5 {[%clk
00:47:13]} {[%emt 00:01:51]} Qg5 {[%clk 00:53:29]} {[%emt 00:00:46]} 19. Qd2
{[%clk 00:43:42]} {[%emt 00:04:01]} Qxd2 {[%clk 00:51:37]} {[%emt 00:02:22]}
20. Rxd2 {[%clk 00:44:06]} {[%emt 00:00:07]} g5 {[%clk 00:51:22]} {[%emt
00:00:45]} 21. g4 {[%clk 00:41:42]} {[%emt 00:02:55]} Ng7 {[%clk 00:48:56]}
{[%emt 00:02:56]} 22. f4 {[%clk 00:38:25]} {[%emt 00:03:47]} f5 {[%clk
00:48:04]} {[%emt 00:01:21]} 23. gxf5 {[%clk 00:32:30]} {[%emt 00:06:25]} Nxf5
{[%clk 00:48:20]} {[%emt 00:00:14]} 24. Ng3 {[%clk 00:29:16]} {[%emt 00:03:45]}
Nh4 {[%clk 00:46:01]} {[%emt 00:02:49]} 25. Be3 {[%clk 00:27:51]} {[%emt
00:01:54]} gxf4 {[%clk 00:45:02]} {[%emt 00:01:28]} 26. Rxf4 {[%clk 00:26:52]}
{[%emt 00:01:30]} Ng6 {[%clk 00:44:27]} {[%emt 00:01:05]} 27. Rg4 {[%clk
00:24:16]} {[%emt 00:03:07]} Bg7 {[%clk 00:37:31]} {[%emt 00:07:24]} 28. Nh5
{[%clk 00:18:24]} {[%emt 00:06:23]} Kh7 {[%clk 00:33:16]} {[%emt 00:04:44]} 29.
Rdg2 {[%clk 00:16:45]} {[%emt 00:02:09]} Rf8 {[%clk 00:26:51]} {[%emt
00:06:54]} 30. Nf4 {[%clk 00:13:37]} {[%emt 00:03:40]} Rxf4 {[%clk 00:24:17]}
{[%emt 00:03:04]} 31. Bxf4 {[%clk 00:13:59]} {[%emt 00:00:08]} c5 {[%clk
00:21:42]} {[%emt 00:03:04]} 32. Nb5 {[%clk 00:12:09]} {[%emt 00:02:21]} Bf8
{[%emt 00:03:57]} 33. Nc7 {[%clk 00:08:47]} {[%emt 00:03:28]} Rc6 {[%clk
00:17:38]} {[%emt 00:01:30]} 34. e6 {[%clk 00:03:59]} {[%emt 00:05:19]} Nxf4
{[%clk 00:14:58]} {[%emt 00:03:09]} 35. Rxf4 {[%clk 00:04:23]} {[%emt
00:00:06]} Rxc7 {[%clk 00:14:58]} {[%emt 00:00:30]} 36. Rxf8 {[%clk 00:04:46]}
{[%emt 00:00:08]} cxd4 {[%clk 00:11:59]} {[%emt 00:03:29]} 37. Rf7+ {[%clk
00:05:02]} {[%emt 00:00:14]} 1-0

[Event "DVM U20w 2021"]
[Site "Kiel GER"]
[Date "2022.07.23"]
[Round "1"]
[White "Grining, Maria"]
[Black "Browning, Rebecca"]
[Result "1-0"]
[Termination "normal"]
[Board "3.1"]
[WhiteElo "1750"]
[BlackElo "1938"]
[WhiteClock "00:04:08"]
[BlackClock "00:21:29"]
[WhiteTeam "Karlsruher SF 1853"]
[BlackTeam "SK Nordhorn-Blanke"]
[PlyCount "79"]
[WhiteFideId "16235037"]
[BlackFideId "12984027"]
[EventCountry "GER"]
[EventRounds "7"]
[EventType "team-swiss"]
[EventDate "2022.07.22"]

1. d4 {[%clk 01:30:58]} {[%emt 00:00:02]} d5 {[%clk 01:30:53]} {[%emt
00:00:07]} 2. Nf3 {[%clk 01:31:23]} {[%emt 00:00:05]} Nf6 {[%clk 01:31:18]}
{[%emt 00:00:05]} 3. e3 {[%clk 01:31:50]} {[%emt 00:00:04]} c6 {[%clk
01:31:07]} {[%emt 00:00:40]} 4. c4 {[%clk 01:32:15]} {[%emt 00:00:05]} e6
{[%clk 01:31:06]} {[%emt 00:00:32]} 5. Nbd2 {[%clk 01:28:57]} {[%emt 00:03:48]}
Bd6 {[%clk 01:30:10]} {[%emt 00:01:25]} 6. Bd3 {[%clk 01:27:58]} {[%emt
00:01:30]} Nbd7 {[%clk 01:29:08]} {[%emt 00:01:31]} 7. e4 {[%clk 01:12:24]}
{[%emt 00:16:05]} dxe4 {[%clk 01:27:55]} {[%emt 00:01:43]} 8. Nxe4 {[%clk
01:11:34]} {[%emt 00:01:20]} Nxe4 {[%clk 01:28:15]} {[%emt 00:00:09]} 9. Bxe4
{[%clk 01:11:58]} {[%emt 00:00:07]} Nf6 {[%clk 01:28:40]} {[%emt 00:00:04]} 10.
Bc2 {[%clk 01:10:48]} {[%emt 00:01:40]} h6 {[%clk 01:24:56]} {[%emt 00:04:14]}
11. O-O {[%clk 01:09:39]} {[%emt 00:01:39]} Qc7 {[%clk 01:09:36]} {[%emt
00:15:50]} 12. Re1 {[%clk 01:01:55]} {[%emt 00:08:15]} O-O {[%clk 01:01:29]}
{[%emt 00:08:36]} 13. c5 {[%clk 00:54:44]} {[%emt 00:07:41]} Bf4 {[%clk
00:59:42]} {[%emt 00:02:16]} 14. Qd3 {[%clk 00:49:41]} {[%emt 00:05:33]} Rd8
{[%clk 00:55:34]} {[%emt 00:04:38]} 15. Bxf4 {[%clk 00:44:05]} {[%emt
00:06:07]} Qxf4 {[%clk 00:54:42]} {[%emt 00:01:22]} 16. g3 {[%clk 00:42:49]}
{[%emt 00:01:46]} Qc7 {[%clk 00:54:18]} {[%emt 00:00:53]} 17. Ne5 {[%clk
00:39:46]} {[%emt 00:03:34]} b6 {[%clk 00:51:31]} {[%emt 00:03:16]} 18. b4
{[%clk 00:35:21]} {[%emt 00:04:56]} a5 {[%clk 00:48:07]} {[%emt 00:03:54]} 19.
cxb6 {[%clk 00:29:26]} {[%emt 00:06:26]} Qxb6 {[%clk 00:48:22]} {[%emt
00:00:14]} 20. bxa5 {[%clk 00:29:40]} {[%emt 00:00:16]} Rxa5 {[%clk 00:47:57]}
{[%emt 00:00:54]} 21. Rab1 {[%clk 00:27:49]} {[%emt 00:02:21]} Qc7 {[%clk
00:43:55]} {[%emt 00:04:33]} 22. Qc4 {[%clk 00:24:54]} {[%emt 00:03:26]} c5
{[%clk 00:43:30]} {[%emt 00:00:55]} 23. Rbd1 {[%clk 00:23:07]} {[%emt
00:02:17]} Ba6 {[%clk 00:43:44]} {[%emt 00:00:15]} 24. Qc3 {[%clk 00:23:07]}
{[%emt 00:00:31]} c4 {[%clk 00:43:55]} {[%emt 00:00:18]} 25. Nc6 {[%clk
00:22:17]} {[%emt 00:01:20]} Rxa2 {[%clk 00:41:47]} {[%emt 00:02:38]} 26. Nxd8
{[%clk 00:22:11]} {[%emt 00:00:36]} Nd5 {[%clk 00:42:07]} {[%emt 00:00:10]} 27.
Qd2 {[%clk 00:21:55]} {[%emt 00:00:47]} Kf8 {[%clk 00:36:09]} {[%emt 00:06:28]}
28. Nxe6+ {[%clk 00:15:37]} {[%emt 00:06:48]} fxe6 {[%clk 00:35:58]} {[%emt
00:00:41]} 29. Rxe6 {[%clk 00:15:55]} {[%emt 00:00:12]} c3 {[%clk 00:36:15]}
{[%emt 00:00:13]} 30. Qe1 {[%clk 00:16:09]} {[%emt 00:00:16]} Nf6 {[%clk
00:31:11]} {[%emt 00:05:34]} 31. Rc1 {[%clk 00:12:16]} {[%emt 00:04:23]} Bc8
{[%clk 00:29:19]} {[%emt 00:02:22]} 32. Re3 {[%clk 00:11:25]} {[%emt 00:01:22]}
Bh3 {[%clk 00:25:22]} {[%emt 00:04:27]} 33. Rxc3 {[%clk 00:10:16]} {[%emt
00:01:39]} Qb7 {[%clk 00:25:39]} {[%emt 00:00:12]} 34. f3 {[%clk 00:09:20]}
{[%emt 00:01:27]} Qb6 {[%clk 00:22:41]} {[%emt 00:03:28]} 35. Qe5 {[%clk
00:07:08]} {[%emt 00:02:42]} Qb2 {[%clk 00:22:43]} {[%emt 00:00:27]} 36. Qd6+
{[%clk 00:06:02]} {[%emt 00:01:37]} Kf7 {[%clk 00:20:50]} {[%emt 00:02:24]} 37.
Bb3+ {[%clk 00:04:42]} {[%emt 00:01:49]} Kg6 {[%clk 00:21:05]} {[%emt
00:00:14]} 38. Bc2+ {[%clk 00:04:58]} {[%emt 00:00:16]} Kf7 {[%clk 00:21:27]}
{[%emt 00:00:07]} 39. Rc7+ {[%clk 00:04:21]} {[%emt 00:01:07]} Nd7 {[%clk
00:21:29]} {[%emt 00:00:28]} 40. Bg6+ {[%clk 00:04:08]} {[%emt 00:00:43]} 1-0